| 000 | 00722nam a2200241 u 4500 | ||
|---|---|---|---|
| 005 | 20240228064227.0 | ||
| 008 | 160119s2009 mx r 000 0 spa d | ||
| 020 | _a9786071600363 | ||
| 035 | _aUPN01000207551 | ||
| 049 | _aI | ||
| 050 | 4 |
_aPZ46.3 _bA4.5 |
|
| 100 | 1 |
_aAlemagna, Beatrice, _d1973- _930599 |
|
| 245 | 1 | 0 |
_aMi amor / _cBeatrice Alemagna ; tr. Eliana Pasarán |
| 260 |
_aMéxico : _bFCE, _c2009. |
||
| 300 |
_a[28] p. : _bil. col. |
||
| 440 | 3 | _aLos primerísimos | |
| 534 |
_pTítulo original: _tMon amour |
||
| 650 | 0 |
_aAnimales _vCuentos y leyendas _9234 |
|
| 650 | 4 |
_aLiteratura infantil italiana _911122 |
|
| 650 | 4 |
_aLibros y lectura para niños _92290 |
|
| 905 | _aInfantil | ||
| 999 |
_c179652 _d179652 |
||